000 00647nam a2200205 i 4500
001 107914
003 ES-MaACL
007 t|
008 061227s1969 sp ||||1| spa d
080 _a52(023)
100 1 _aRoman, Colin A.
_999210
245 1 0 _aSecretos del cosmos /
_cColin A. Roman.
260 _aMadrid :
_bSalvat,
_c1969.
300 _a180 p., 4 h. :
_blám. col., grab. ;
_c19 cm.
490 1 _aBiblioteca básica Salvat de Libros RTV ;
_v18
650 1 7 _aCosmografía
_2embne
_911388
830 0 0 _aBiblioteca básica Salvat de libros RTV
_v18
_9185398
852 _aES-MaACL
_jE-2939
_bR.69765
999 _c107914
_d107914